Άτυπες στρατηγικές νηπίων για την κάλυψη επιφάνειας με χρήση υλικού : διπλωματική εργασία [μεταπτυχιακή εργασία]
Αποθηκεύτηκε σε:
| Κύριος συγγραφέας: | |
|---|---|
| Συγγραφή απο Οργανισμό/Αρχή: | |
| Άλλοι συγγραφείς: | |
| Μορφή: | Thesis Βιβλίο |
| Γλώσσα: | Greek |
| Δημοσίευση: |
2015.
|
| Θέματα: | |
| Διαθέσιμο Online: | http://hdl.handle.net/11610/13717 |
| Ετικέτες: |
Προσθήκη ετικέτας
Δεν υπάρχουν, Καταχωρήστε ετικέτα πρώτοι!
|
MARC
| LEADER | 00000cam a2200000 a 4500 | ||
|---|---|---|---|
| 001 | 1/107403 | ||
| 008 | 150714s2015####gr | ||| |||| ||gre|| | ||
| 040 | |a GR-MyUa |b gre |c GR-MyUa |e AACR2 | ||
| 041 | 0 | |a gre | |
| 082 | 7 | |a 372.7044 |2 (23) | |
| 100 | 1 | |a Μαλαματένιου, Πελαγία-Καλοτίνα. | |
| 245 | 1 | 0 | |a Άτυπες στρατηγικές νηπίων για την κάλυψη επιφάνειας με χρήση υλικού : |b διπλωματική εργασία [μεταπτυχιακή εργασία] / |c Μαλαματένιου Πελαγία-Καλοτίνα ; επιβλέπων καθηγητής Καλαβάσης Φραγκίσκος. |
| 260 | |c 2015. | ||
| 300 | |a 85 σ. : |b πίν., εικ. ; |c 30 εκ. | ||
| 502 | |a Διατριβή (μεταπτυχιακή) – Πανεπιστήμιο Αιγαίου, Ρόδος, 2015. | ||
| 504 | |a Βιβλιογραφία: σ. 79-83. | ||
| 506 | 1 | |a Πλήρες κείμενο - ενδοπανεπιστημιακή δημοσίευση - κλειδωμένη η δυνατότητα αντιγραφής. | |
| 650 | 0 | |a Education, Preschool |x Activity programs. | |
| 650 | 0 | |a Geometry |x Study and teaching (Primary) | |
| 650 | 0 | |a Mathematics |x Study and teaching (Primary) | |
| 700 | 1 | |a Καλαβάσης, Φραγκίσκος, |e dgs [Επιβλέπων καθηγητής] | |
| 710 | 1 | |a Πανεπιστήμιο Αιγαίου |b Σχολή Ανθρωπιστικών Επιστημών |b Τμήμα Επιστημών της Προσχολικής Αγωγής και του Εκπαιδευτικού Σχεδιασμού |b Μεταπτυχιακό Πρόγραμμα Σπουδών Παιδικό Βιβλίο και Παιδαγωγικό Υλικό. | |
| 852 | |a INST |b RHODES |c DIATR |e 20150714 |h 372.7044 ΜΑΛ |p 005400037878 |q 005400037878 |t MTXE |y 23 | ||
| 856 | |u http://hdl.handle.net/11610/13717 | ||
| 924 | |a Μαλαματένιου |b Πελαγία-Καλοτίνα |y Ρόδος |z 2015-06 | ||
| 970 | |z 14-07-2015 | ||